000 01278namaa2200361 i 4500
003 EG-GICUC
005 20251210135851.0
008 251210s2000 fr ||||gr|||| 001 0 fre d
020 _a2738490247
020 _a9782738490247
040 _aEG-GiCUC
_bfre
_cEG-GiCUC
_dEG-GiCUC
_erda
082 0 4 _221
_a362.5
_bC73413
092 0 4 _221
_a362.5
_bC73413
099 _a362.5 C73413
100 1 _eAuthor.
245 0 0 _aComment se construit la pauvreté /
_cCentre tricontinental ; avec la collaboration de Mohamed Benlahcen Tlemçani et du GRECOS de l'Université de Perpignan.
264 _aParis, France :
_bHarmattan,
_c2000.
300 _a238 pages ;
_c22 cm.
336 _2rdacontent
_atext
337 _2rdamedia
_aUnmediated
338 _2rdacarrier
_avolume
490 _aLe point de vue du Sud
504 _aIncludes bibliographical references and index.
541 _aDr. Jabir Usfour ;
_bCairo ;
_cGift ;
_d2024.
650 1 _aPoverty.
_2qrmak
650 1 _aPoverty
_vCase studies.
651 1 _2qrmak
700 1 _aBenlahcen Tlemçani, Mohamed
_910226
710 _aCentre tricontinental (Louvain-la-Neuve, Belgium)
710 _aUniversité de Perpignan.
_bGroupe de recherche économique et sociale.
905 _aAsmaa
942 _2ddc
_cBK
_e21
_n0
999 _c176618
_d176618